000 00411nam a22001697a 4500
005 20180201163154.0
008 160427b xxu||||| |||| 00| 0 eng d
020 _a978-81-7758-165-2
041 _aeng
082 _b00256
_a004.6
100 _aTanenbaum, Andrew S.
_9108
245 _aComputer Networks
250 _a4th ed.
260 _aNew Delhi
_bPearson: Prantice Hall,
_c2009
300 _a891
942 _cBK
999 _c87
_d87